Manažment služieb

Enregistré dans:
Détails bibliographiques
Auteur principal: Kubičková, Viera, 1970-
Collectivité auteur: Ekonomická univerzita v Bratislave. Obchodná fakulta
Autres auteurs: Benešová, Dana, 1958-, Kubíková, Ľubomíra, 1996-, Čukanová, Miroslava, 1984-, Pajtinková - Bartáková, Gabriela
Format: Livre
Langue:slovaque
Publié: Bratislava Vydavateľstvo EKONÓM 2021
Édition:1. vydanie
Sujets:
Tags: Ajouter un tag
Pas de tags, Soyez le premier à ajouter un tag!

MARC

LEADER 00000nam a2200000 4500
001 0280920
005 20240502074348.7
020 |a 978-80-225-4878-6 
041 0 |a slo 
044 |a SK 
245 1 0 |a Manažment služieb  |c Viera Kubičková a kol. ; recenzenti: Miroslava Čukanová, Gabriela Pajtinková - Bartáková 
250 |a 1. vydanie 
264 1 |a Bratislava  |b Vydavateľstvo EKONÓM  |c 2021 
300 |a 100 s. [5,307 AH] 
610 2 0 |a manažment 
610 2 0 |a služby 
610 2 0 |a klasifikácia 
610 2 0 |a riadenie ľudských zdrojov 
610 2 0 |a etika 
610 2 0 |a štruktúra organizačná 
610 2 0 |a riadenie vzťahov so zákazníkmi 
100 1 |a Kubičková, Viera, 1970- 
700 1 |a Benešová, Dana, 1958- 
700 1 |a Kubíková, Ľubomíra, 1996- 
700 1 |a Čukanová, Miroslava, 1984- 
700 1 |a Pajtinková - Bartáková, Gabriela 
710 2 |a Ekonomická univerzita v Bratislave. Obchodná fakulta